Normal view
MARC view
- Saqib Dr, Amjad
Entry Personal Name
001 - CONTROL NUMBER
- control field: 133971
003 - CONTROL NUMBER IDENTIFIER
- control field: NUST
005 - DATE AND TIME OF LATEST TRANSACTION
- control field: 20260407164801.0
008 - FIXED-LENGTH DATA ELEMENTS
- fixed length control field: 260407|| aca||aabn | a|a d
040 ## - CATALOGING SOURCE
- Original cataloging agency: NUST
- Transcribing agency: NUST
100 ## - HEADING--PERSONAL NAME
- Personal name: Saqib Dr, Amjad
670 ## - SOURCE DATA FOUND
- Source citation: Work cat.: (NUST): Saqib Dr, Amjad, Akhuwat Ka Safar ( اخوت کا سفر) , 2014
